A history of the Philippines / Samuel K. Tan. (Record no. 22218)

000 -LEADER
fixed length control field 00484nam a22001457a 4500
020 ## - INTERNATIONAL STANDARD BOOK NUMBER
ISBN 9715425682
082 ## - DEWEY DECIMAL CLASSIFICATION NUMBER
Classification number 959.9
Item number T161 2008
100 ## - MAIN ENTRY--AUTHOR NAME
Personal name Tan, Samuel K., author.
245 ## - TITLE STATEMENT
Title A history of the Philippines / Samuel K. Tan.
250 ## - EDITION STATEMENT
Edition statement Student edition.
260 ## - PUBLICATION, DISTRIBUTION, ETC. (IMPRINT)
Place of publication Quezon City, Philippines :
Name of publisher University of the Philippines Press Diliman ;
-- Flipside Digital Content,
Year of publication c2008.
300 ## - PHYSICAL DESCRIPTION
Number of Pages 1 online resource, (unpaged).
650 ## - SUBJECT ADDED ENTRY--TOPICAL TERM
Topical Term Philippines -- History.
942 ## - ADDED ENTRY ELEMENTS (KOHA)
Koha item type Electronic Books
Holdings
Source of acquisition Permanent Location Date acquired Collection code Koha item type Lost status Shelving location Withdrawn status Current Location Full call number
Donation Cagayan State University - Carig Library2026-04-14E-BooksElectronic Books E-Resource Section Cagayan State University - Carig Library959.9 T161 2008

Cagayan State University University Library, Carig Campus
Tuguegarao City, Cagayan 3500 | www.csucarig.edu.ph

Powered by Koha